All Pokémon with Swift Swim - Statistics

General Stats
  • This quiz has been taken 5 times
  • The average score is 33 of 46
Answer Stats
(Avail)ability Pokémon % Correct
First Ability Finneon
100%
First Ability Goldeen
100%
Hidden Ability Golduck
100%
First Ability Kingdra
100%
First Ability Lombre
100%
First Ability Lotad
100%
First Ability Ludicolo
100%
First Ability Lumineon
100%
Hidden Ability Psyduck
100%
First Ability Arrokuda
80%
First Ability Barraskewda
80%
First Ability Buizel
80%
Hidden Ability Chewtle
80%
Hidden Ability Drednaw
80%
First Ability Floatzel
80%
First Ability Gorebyss
80%
Second Ability Hisuian Qwilfish
80%
First Ability Horsea
80%
First Ability Huntail
80%
First Ability Luvdisc
80%
First Ability Magikarp
80%
Only Ability Mega Swampert
80%
First Ability Palpitoad
80%
Hidden Ability Poliwag
80%
Hidden Ability Poliwhirl
80%
Hidden Ability Poliwrath
80%
Second Ability Qwilfish
80%
First Ability Seaking
80%
First Ability Seismitoad
80%
First Ability Tympole
80%
Hidden Ability Beartic
60%
First Ability Mantine
60%
First Ability Mantyke
60%
Second Ability Overqwil
60%
First Ability Relicanth
60%
First Ability Surskit
60%
Hidden Ability Anorith
40%
Hidden Ability Armaldo
40%
First Ability Basculegion
40%
Hidden Ability Carracosta
40%
First Ability Feebas
40%
First Ability Kabuto
40%
First Ability Kabutops
40%
First Ability Omanyte
40%
First Ability Omastar
40%
Hidden Ability Tirtouga
40%
No matching quizzes found
Score Distribution
Percent of People with Each Score
Percentile by Number Answered
Your Score History
You have not taken this quiz